Synthetic and enzymatic modifications of the peptide backbone (Record no. 82956)

MARC details
000 -LEADER
fixed length control field 00732 a2200229 4500
003 - CONTROL NUMBER IDENTIFIER
control field CBULib
005 - DATE AND TIME OF LATEST TRANSACTION
control field 20231025110444.0
008 - FIXED-LENGTH DATA ELEMENTS--GENERAL INFORMATION
fixed length control field 231025b |||||||| |||| 00| 0 eng d
020 ## - INTERNATIONAL STANDARD BOOK NUMBER
International Standard Book Number 9780128212530
040 ## - CATALOGING SOURCE
Language of cataloging English
Transcribing agency CBULib
Description conventions rda
050 ## - LIBRARY OF CONGRESS CALL NUMBER
Classification number QP 552.P4 Met
100 ## - MAIN ENTRY--PERSONAL NAME
Personal name Peterson, E. James
245 ## - TITLE STATEMENT
Title Synthetic and enzymatic modifications of the peptide backbone
Statement of responsibility, etc / edited by E. James Petersson
260 ## - PUBLICATION, DISTRIBUTION, ETC. (IMPRINT)
Name of publisher, distributor, etc Academic Press, an imprint of Elsevier,
Date of publication, distribution, etc 2021
Place of publication, distribution, etc Cambridge :
300 ## - PHYSICAL DESCRIPTION
Extent xvii, 621 pages : illustrations
336 ## - CONTENT TYPE
Source rdacontent
Content type term Text |
Content type code txt
337 ## - MEDIA TYPE
Source rdamedia
Media type term Unmediated |
Media type code n
338 ## - CARRIER TYPE
Source rdacarrier
Carrier type term Volume
Carrier type code nc
650 #0 - SUBJECT ADDED ENTRY--TOPICAL TERM
9 (RLIN) 923
Topical term or geographic name as entry element PEPTIDES
650 #0 - SUBJECT ADDED ENTRY--TOPICAL TERM
9 (RLIN) 924
Topical term or geographic name as entry element ENZYMOLOGY
942 ## - ADDED ENTRY ELEMENTS (KOHA)
Source of classification or shelving scheme
Koha item type MONOGRAPH
Holdings
Withdrawn status Lost status Source of classification or shelving scheme Damaged status Not for loan Collection code Permanent Location Current Location Shelving location Date acquired Source of acquisition Cost, normal purchase price Total Checkouts Full call number Barcode Date last seen Copy number Price effective from Koha item type
          Main Library Open Access Collection CBU-MAIN LIBRARY, KITWE. CBU-MAIN LIBRARY, KITWE. General Stacks 10/25/2023 DON-BOOKAID 192.61   QP 552.P4 Met 752359 10/25/2023 1 10/25/2023 MONOGRAPH